South Eastern Kenya University

Library Online Public Access Catalogue


Chemistry in context / (Record no. 2077)

MARC details
000 -LEADER
fixed length control field 00386mam a2200145 a 4500
020 ## - ISBN
International Standard Book Number 017448060
050 ## - LIBRARY OF CONGRESS CALL NUMBER
Classification Number QD 415
Item Number .H55
100 1# - MAIN ENTRY--Author
Personal name Hill, G. C.
Dates associated with a name 1942-
245 10 - TITLE
Title Chemistry in context /
Statement of responsibility, etc Graham C. Hill, John S. Holman.
260 ## - PUBLICATION, DISTRIBUTION, ETC.(IMPRINT)
Place of publication, distribution, etc Walton on Thames, England :
Name of publisher, distributor, etc T. Nelson,
Date of publication, distribution, etc 1989.
300 ## - PHYSICAL DESCRIPTION
Extent xii, 616 p. :
650 #0 - SUBJECT--TOPIC
General subdivision chemistry
700 1# - ADDED ENTRY--PERSONAL AUTHOR
Personal Name Holman, John S.
942 ## - ADDED ENTRY ELEMENTS(KOHA)
Koha item type General circulation
Holdings
Source of classification or shelving scheme Not for loan Location (home branch) Sublocation (holding branch) Date accessioned Cost, normal purchase price Full call number Barcode Cost, replacement price Koha item type Public note
Library of Congress Classification   Main Campus Library Main Campus Library 27/08/2014 1400.00 QD 415 .H55 2019/022651 1900.00 General circulation jm
Library of Congress Classification   Main Campus Library Main Campus Library 27/08/2014 1400.00 QD 415 .H55 2019/022647 1900.00 General circulation jm
Library of Congress Classification   Main Campus Library Main Campus Library 27/08/2014 1400.00 QD 415 .H55 2019/022648 1900.00 General circulation jm
Library of Congress Classification   Main Campus Library Main Campus Library 27/08/2014 1400.00 QD 415 .H55 2019/022650 1900.00 General circulation jm
Library of Congress Classification   Main Campus Library Main Campus Library 27/08/2014 1400.00 QD 415 .H55 2019/022646 1900.00 General circulation jm
Library of Congress Classification   Main Campus Library Main Campus Library 27/08/2014 1400.00 QD 415 .H55 2019/022644 1900.00 General circulation jm
Library of Congress Classification   Main Campus Library Main Campus Library 27/08/2014 1400.00 QD 415 .H55 2019/022645 1900.00 General circulation  
Library of Congress Classification   Main Campus Library Main Campus Library 27/08/2014 1400.00 QD 415 .H55 2019/022649 1900.00 General circulation  
Kitui, Kenya.
+254736116989
library@seku.ac.ke